On the Case with Holmes and Watson: Case 6: Sherlock Holmes and the Adventure of the Sussex Vampire /

Do vampires really exist? Robert Ferguson thinks so. In fact, he believes his wife is one! He calls upon Holmes and Watson to solve the case. Will they find an explanation for the wife's strange behavior? Or are they facing a real vampire?

Bibliographic Details
Corporate Author: Library Pass, LLC
Format: eBook
Language:English
Published: [United States] : Lerner Publishing Group, 2020.
Subjects:
Online Access:Connect to this electronic book (First time users create your free account)

MARC

Tag First Indicator Second Indicator Subfields
LEADER 00000nmm a22000001a 4500
001 in00004619521
006 m|||||o||m||||||||
007 cr|cn |||uuuuu
008 221118s2020 xxu||||co|||| ||||||eng d
005 20221207215747.1
035 |a (TxWaIVM)IV78537LeOn 
040 |a TxWaIVM  |c TxWaIVM 
245 0 0 |a On the Case with Holmes and Watson: Case 6: Sherlock Holmes and the Adventure of the Sussex Vampire /  |c powered by Library Pass. 
260 3 |a [United States] :  |b Lerner Publishing Group,  |c 2020. 
300 |a 1 online resource. 
336 |a text  |b txt  |2 rdacontent 
337 |a computer  |b c  |2 rdamedia 
338 |a online resource  |b cr  |2 rdacarrier 
520 |a Do vampires really exist? Robert Ferguson thinks so. In fact, he believes his wife is one! He calls upon Holmes and Watson to solve the case. Will they find an explanation for the wife's strange behavior? Or are they facing a real vampire?  
521 |a 5 
538 |a Requires a valid library card and registration for new users. 
538 |a Mode of access: World Wide Web. 
538 |a System requirements: Flash 10.1 or higher, Windows XP and higher, Internet Explorer 7 and higher, Firefox 3.6 and higher, Google Chrome; Max OS 10.5 and higher, Safari 4 and higher. 
650 0 |a Motion pictures and comic books 
655 7 |a Electronic books.  |2 local 
655 7 |a Motion pictures and comic books  |2 gsafd 
650 0 |a Detective and mystery comic books, strips, etc. 
655 7 |a Detective and mystery comic books, strips, etc.  |2 gsafd 
650 0 |a Comic books, strips, etc. --Fiction 
655 7 |a Comic books, strips, etc. --Fiction  |2 gsafd 
650 0 |a Comic books, strips, etc. 
655 7 |a Comic books, strips, etc.  |2 gsafd 
650 0 |a Suspense comic books, strips, etc. 
655 7 |a Suspense comic books, strips, etc.  |2 gsafd 
650 0 |a Fantasy comic books, strips, etc. 
655 7 |a Fantasy comic books, strips, etc.  |2 gsafd 
700 1 |a Rohrbach, Sophie.  |e artist. 
710 2 |a Library Pass, LLC. 
856 4 0 |u http://proxy.library.tamu.edu/login?url=https://tamu.librarypass.com/product/com.iversecomics.lerner.publishing.group.on.the.case.with.holmes.and.watson.case.6..english.06032020  |z Connect to this electronic book (First time users create your free account)  |t 0 
955 |a Comics Plus. 
999 f f |s 7fcaf137-1039-4fb6-94b8-f796e111b709  |i c1858274-98aa-46f0-a88b-3aa8a67acc53  |t 0 
952 f f |a Texas A&M University  |b College Station  |c Electronic Resources  |d Available Online  |t 0  |h Library of Congress classification 
998 f f |t 0  |l Available Online